[Event "Rated Blitz game"]
[Site "?"]
[Date "2021.07.29"]
[Round "?"]
[White "Go0dfella"]
[Black "Artem_0degov"]
[Result "0-1"]
[WhiteElo "2384"]
[BlackElo "2679"]
[PlyCount "134"]
[EventDate "2021.??.??"]
[EventType "blitz"]

1. e4 e5 2. Nf3 d5 3. exd5 e4 4. Ne5 Qxd5 5. d4 exd3 6. Nxd3 Nf6 7. Nc3 Qd8 8.
Be2 Bd6 9. Bf3 O-O 10. O-O Re8 11. Bg5 h6 12. Bh4 Bf5 13. Re1 Rxe1+ 14. Qxe1 c6
15. Rd1 Nbd7 16. Ne4 Bxe4 17. Bxe4 Qc7 18. Bg3 Bxg3 19. hxg3 Re8 20. f3 Nxe4
21. fxe4 Nf6 22. e5 Ng4 23. Qe4 Nxe5 24. Re1 f6 25. Nxe5 Rxe5 26. Qc4+ Qf7 27.
Qxf7+ Kxf7 28. Rd1 Ke7 29. Kf2 h5 30. b3 g5 31. a4 a5 32. Rd4 g4 33. Rd3 Rc5
34. Re3+ Kd6 35. c4 Re5 36. Rd3+ Kc5 37. Rd7 b6 38. Rf7 Re6 39. Rb7 f5 40. Rb8
Rd6 41. Ke3 Re6+ 42. Kf2 h4 43. gxh4 f4 44. Rf8 Kb4 45. Rxf4 Kxb3 46. Rxg4 Kxa4
47. c5+ Kb5 48. cxb6 Kxb6 49. h5 Kb5 50. Rh4 a4 51. h6 Re8 52. h7 Rh8 53. g4 a3
54. Rh3 Kb4 55. Rh1 a2 56. Ra1 Kb3 57. Kf3 Rxh7 58. Kf4 c5 59. Ke5 c4 60. g5 c3
61. Rxa2 Kxa2 62. g6 Rg7 63. Kf6 Rxg6+ 64. Kxg6 c2 65. Kf5 c1=Q 66. Ke5 Qb2+
67. Ke4 Qb3 {Time forfeit} 0-1

[Event "Rated Blitz game"]
[Site "?"]
[Date "2021.07.29"]
[Round "?"]
[White "Alejandropacheco29"]
[Black "ahoramahora"]
[Result "0-1"]
[WhiteElo "2476"]
[BlackElo "2423"]
[PlyCount "46"]
[EventDate "2021.??.??"]
[EventType "blitz"]

1. e4 e5 2. Nf3 d5 3. exd5 e4 4. Qe2 Nf6 5. d3 Qxd5 6. Nbd2 Be6 7. dxe4 Qa5 8.
Qb5+ Qxb5 9. Bxb5+ c6 10. Ba4 Nbd7 11. c3 Nc5 12. Bc2 O-O-O 13. Nd4 Bd6 14. O-O
Bc7 15. Nxe6 Nxe6 16. Nc4 Rhe8 17. a4 Ng4 18. h3 Ne5 19. Nxe5 Bxe5 20. Be3 Kb8
21. g3 Bd6 22. f4 Bc5 23. Rad1 Bxe3+ {Time forfeit} 0-1

[Event "Rated Blitz tournament SxYheA48"]
[Site "?"]
[Date "2021.07.29"]
[Round "?"]
[White "kirekachesschamp"]
[Black "olarovfan"]
[Result "1/2-1/2"]
[WhiteElo "2367"]
[BlackElo "2600"]
[PlyCount "142"]
[EventDate "2021.??.??"]
[EventType "blitz"]

1. e4 e5 2. Nf3 d5 3. exd5 e4 4. Qe2 Nf6 5. d3 Qxd5 6. dxe4 Qxe4 7. Nc3 Bb4 8.
Bd2 Qxe2+ 9. Bxe2 O-O 10. a3 Ba5 11. O-O-O Re8 12. Bd3 Ng4 13. Rhf1 Bb6 14. Be1
Nc6 15. Nd5 Be6 16. h3 Nge5 17. Nxb6 axb6 18. Be4 Bc4 19. Rg1 Be2 20. Rd2 Bxf3
21. gxf3 g6 22. Rd5 f5 23. f4 fxe4 24. fxe5 Rxe5 25. Rd7 Re7 26. Rxe7 Nxe7 27.
Rg4 Kf7 28. Rxe4 Nf5 29. Bc3 Re8 30. Rxe8 Kxe8 31. Be5 c6 32. Kd2 b5 33. Kd3
Kd7 34. Ke4 Ke6 35. f4 Ne7 36. Bc3 Nd5 37. Bd4 Nc7 38. Bb6 Ne8 39. Bc5 Nf6+ 40.
Kf3 Kf5 41. Be3 Nd5 42. Bd2 Nb6 43. b3 Nd7 44. Ke3 Nf6 45. Kf3 Nd5 46. c4 bxc4
47. bxc4 Nb6 48. c5 Nc4 49. Bc1 Na5 50. h4 Nb3 51. Be3 Na5 52. Bd2 Nc4 53. Bc1
Na5 54. Ke2 h5 55. Kd3 Nb3 56. Be3 Kg4 57. Kc4 Na5+ 58. Kb4 Kxh4 59. Kxa5 Kg3
60. Kb6 h4 61. Bd4 Kg2 62. Be5 h3 63. f5 gxf5 64. Kxb7 Kf3 65. Kxc6 f4 66. Bxf4
h2 67. Bxh2 Ke4 68. Bd6 Kf5 69. Kb5 Ke6 70. a4 Kd7 71. a5 Kc8 {Time forfeit}
1/2-1/2

[Event "Rated Blitz game"]
[Site "?"]
[Date "2021.07.29"]
[Round "?"]
[White "chessmathmunich"]
[Black "annaly1979"]
[Result "0-1"]
[WhiteElo "2460"]
[BlackElo "2430"]
[PlyCount "40"]
[EventDate "2021.??.??"]
[EventType "blitz"]

1. e4 e5 2. Nf3 d5 3. exd5 e4 4. Qe2 f5 5. Nc3 Nf6 6. d3 Bb4 7. Bd2 Bxc3 8.
Bxc3 O-O 9. dxe4 Nxe4 10. Qc4 b5 11. Qxb5 Ba6 12. Qb3 Bxf1 13. Kxf1 Kh8 14. h4
Nd7 15. Bd4 Ndc5 16. Qc4 Qd6 17. h5 h6 18. Ne5 Nd2+ 19. Kg1 Nxc4 20. Nxc4 Qxd5
{Normal} 0-1

[Event "Rated Blitz game"]
[Site "?"]
[Date "2021.07.29"]
[Round "?"]
[White "Semenychev_Alexander"]
[Black "Fantastic_power06"]
[Result "0-1"]
[WhiteElo "2532"]
[BlackElo "2749"]
[PlyCount "150"]
[EventDate "2021.??.??"]
[EventType "blitz"]

1. e4 e5 2. Nf3 d5 3. exd5 e4 4. Ne5 Qxd5 5. d4 exd3 6. Nxd3 Nf6 7. Nc3 Qf5 8.
Be2 Bd6 9. O-O Nc6 10. Bf3 Be6 11. Re1 O-O 12. Ne4 Nxe4 13. Bxe4 Qf6 14. Qh5 g6
15. Qh6 Ne5 16. Bg5 Qh8 17. Nxe5 Bxe5 18. c3 c6 19. Bc2 Rfe8 20. Qh4 Bg7 21. a3
h6 22. Be3 g5 23. Qa4 Be5 24. h4 Qf6 25. hxg5 hxg5 26. Qe4 b6 27. Bxg5 Qxg5 28.
Qxe5 Qxe5 29. Rxe5 Rad8 30. Rae1 Kg7 31. Ba4 Kf6 32. Bxc6 Rg8 33. Bf3 Rd2 34.
R5e2 Rgd8 35. Kh2 Rh8+ 36. Kg3 Rhd8 37. Kf4 R2d6 38. g4 Bc4 39. Re4 Bb3 40. g5+
Kg7 41. Re7 Rd2 42. R1e2 Bc4 43. Rxd2 Rxd2 44. Kg3 Rxb2 45. Rxa7 Rb3 46. Rc7
Rxc3 47. Kf4 b5 48. Bd5 Rxa3 49. Rxf7+ Kg6 50. Rf6+ Kg7 51. Be4 Bf7 52. Ke5 b4
53. f4 Ra5+ 54. Kd4 b3 55. Rb6 Ra4+ 56. Ke3 Ra1 57. Rb7 Re1+ 58. Kd4 Rd1+ 59.
Ke5 Kf8 60. f5 Bg8 61. Kf6 Ke8 62. Rb8+ Kd7 63. Rb4 b2 64. g6 Rd6+ 65. Kg5 Kc7
66. Rxb2 Bd5 67. Rc2+ Kd8 68. Bxd5 Rxd5 69. Re2 Rd3 70. Re6 Rg3+ 71. Kf6 Rf3
72. Rc6 Rf4 73. Rd6+ Kc7 74. Re6 Kd7 75. Re5 Rxf5+ {Time forfeit} 0-1

[Event "Rated Blitz tournament RsWImxWL"]
[Site "?"]
[Date "2021.07.29"]
[Round "?"]
[White "Nurullah_kilic"]
[Black "gmmds2694"]
[Result "0-1"]
[WhiteElo "2239"]
[BlackElo "2581"]
[PlyCount "152"]
[EventDate "2021.??.??"]
[EventType "blitz"]

1. e4 e5 2. Nf3 d5 3. exd5 Bd6 4. d3 f5 5. Nc3 Nf6 6. Be2 O-O 7. O-O h6 8. d4
e4 9. Ne5 Nbd7 10. f4 exf3 11. Nxf3 Nb6 12. Bd3 Nbxd5 13. Nxd5 Nxd5 14. Bc4 c6
15. Ne5 Be6 16. Bb3 Bc7 17. Qe2 Qf6 18. c3 Rae8 19. Qf2 g5 20. Bd2 f4 21. c4
Nb6 22. c5 Nd5 23. Rae1 Re7 24. Nd3 Rfe8 25. Ne5 Bf5 26. Bxd5+ cxd5 27. Bxf4
gxf4 28. Qxf4 Bxe5 29. dxe5 Rxe5 30. Rxe5 Rxe5 31. g4 Qg7 32. Kh1 Be4+ 33. Kg1
Rg5 34. h3 Qd4+ 35. Kh2 Qxb2+ 36. Rf2 Qe5 37. Kg3 Qxf4+ 38. Rxf4 Rg6 39. Rf2
Ra6 40. Rb2 d4 41. Kf4 Bg6 42. Ke5 d3 43. h4 Rc6 44. h5 Bf7 45. Rxb7 Rxc5+ 46.
Kf6 Rc6+ 47. Ke5 Bxa2 48. Rd7 Bb1 49. Rxa7 Rc4 50. Kf6 Rc6+ 51. Ke5 Kf8 52. Rd7
Ra6 53. Rd4 Bc2 54. Rd7 Ke8 55. Rd5 Ke7 56. Kf4 Re6 57. g5 hxg5+ 58. Kxg5 Rd6
59. Re5+ Kd7 60. Ra5 d2 61. Ra1 d1=Q 62. Rxd1 Rxd1 63. h6 Rh1 64. h7 Rxh7 65.
Kf6 Re7 66. Kg5 Kd6 67. Kf4 Kd5 68. Kg5 Rf7 69. Kh6 Ke5 70. Kg5 Rg7+ 71. Kh6
Kf6 72. Kh5 Bd3 73. Kh4 Kf5 74. Kh3 Kf4 75. Kh2 Kf3 76. Kh3 Rh7# {Normal} 0-1

[Event "Rated Blitz game"]
[Site "?"]
[Date "2021.07.29"]
[Round "?"]
[White "quick_Mate"]
[Black "Fantastic_power06"]
[Result "1-0"]
[WhiteElo "2677"]
[BlackElo "2746"]
[PlyCount "133"]
[EventDate "2021.??.??"]
[EventType "blitz"]

1. e4 e5 2. Nf3 d5 3. Nxe5 Bd6 4. d4 dxe4 5. Bc4 Bxe5 6. Qh5 Qe7 7. Qxe5 Qxe5
8. dxe5 Nc6 9. Bf4 Bf5 10. Nc3 Rd8 11. Nd5 Rd7 12. O-O-O Be6 13. Rhe1 Na5 14.
b3 c6 15. Ne3 Nxc4 16. Nxc4 Rxd1+ 17. Kxd1 Bxc4 18. bxc4 f5 19. exf6 Nxf6 20.
Be5 O-O 21. Ke2 Ng4 22. Bg3 Rd8 23. Rb1 b6 24. c5 b5 25. c4 a6 26. a4 bxc4 27.
Rc1 Rd4 28. h3 Nh6 29. Bf4 Nf5 30. g4 Nh4 31. Be3 Rd3 32. Rxc4 Ra3 33. Rxe4
Ra2+ 34. Kd3 Nf3 35. Re6 Rxa4 36. Kc3 Kf7 37. Rxc6 Ne5 38. Rc7+ Ke6 39. Rxg7 a5
40. Rxh7 Ra3+ 41. Kc2 Nc4 42. c6 Nd6 43. c7 Ra4 44. f4 Ra3 45. f5+ Ke5 46. Rd7
Nc8 47. Bd4+ Ke4 48. Rd8 Ne7 49. Re8 Kxd4 50. Rxe7 Rc3+ 51. Kb2 Rc6 52. f6 a4
53. f7 a3+ 54. Kxa3 Ra6+ 55. Kb4 Rb6+ 56. Ka5 Rb1 57. f8=Q Ra1+ 58. Kb6 Rb1+
59. Kc6 Ra1 60. Kd7 Rc1 61. Re6 Rd1 62. Rd6+ Ke3 63. Rxd1 Ke2 64. Qd6 Kf3 65.
Qd3+ Kg2 66. Rd2+ Kh1 67. Qb1# {Normal} 1-0

[Event "Rated Rapid game"]
[Site "?"]
[Date "2021.07.29"]
[Round "?"]
[White "HERMILLOU"]
[Black "GaryNLOL"]
[Result "1-0"]
[WhiteElo "2452"]
[BlackElo "2370"]
[PlyCount "67"]
[EventDate "2021.??.??"]
[EventType "rapid"]

1. e4 e5 2. Nf3 d5 3. exd5 e4 4. Qe2 Qe7 5. Nd4 Qe5 6. Nb3 Nf6 7. Nc3 Bb4 8.
Qb5+ Nc6 9. dxc6 Bxc3 10. cxb7+ Qxb5 11. Bxb5+ Ke7 12. bxa8=Q Be5 13. Qxa7 Rd8
14. a4 Nd5 15. a5 Nf4 16. Bf1 Bg4 17. Qc5+ Kf6 18. g3 Ne6 19. Qe3 Ng5 20. Bg2
Bf3 21. Bxf3 Nxf3+ 22. Kf1 Kf5 23. a6 g5 24. a7 g4 25. a8=Q Rd6 26. Qaxe4+ Ke6
27. Qxg4+ f5 28. Qgxf3 c5 29. Nxc5+ Kf6 30. Ne4+ Kg7 31. Nxd6 h5 32. Qxf5 h4
33. Qeg5+ Kh8 34. Ra8# {Normal} 1-0

[Event "Rated Blitz tournament RsWImxWL"]
[Site "?"]
[Date "2021.07.29"]
[Round "?"]
[White "Maksat-94"]
[Black "dr_xStranger"]
[Result "1-0"]
[WhiteElo "2638"]
[BlackElo "2503"]
[PlyCount "73"]
[EventDate "2021.??.??"]
[EventType "blitz"]

1. e4 e5 2. Nf3 d5 3. exd5 e4 4. Qe2 Nf6 5. Nc3 Be7 6. Nxe4 O-O 7. d3 Re8 8.
Qd1 Nxd5 9. Be2 f5 10. Nc3 Nxc3 11. bxc3 Bf6 12. d4 c5 13. O-O Qa5 14. Bc4+ Kh8
15. Re1 Rf8 16. Bd2 Nc6 17. d5 Ne7 18. d6 Ng6 19. Rb1 a6 20. Bd5 Rb8 21. c4 Qd8
22. h4 Nxh4 23. Nxh4 Bxh4 24. Bf4 Bg5 25. Be5 Bf6 26. Bh2 f4 27. Bxf4 Bd4 28.
Re4 Bf5 29. Rxd4 cxd4 30. Qxd4 Bxc2 31. Re1 Qh4 32. Re7 Rf6 33. Be5 Qxd4 34.
Bxd4 Rd8 35. c5 Rg6 36. d7 Ba4 37. c6 {Normal} 1-0

[Event "Rated Blitz tournament HV9QCh7C"]
[Site "?"]
[Date "2021.07.29"]
[Round "?"]
[White "BaleevK"]
[Black "Maltinho"]
[Result "0-1"]
[WhiteElo "2427"]
[BlackElo "2536"]
[PlyCount "50"]
[EventDate "2021.??.??"]
[EventType "blitz"]

1. e4 e5 2. Nf3 d5 3. Nxe5 Bd6 4. d4 dxe4 5. Nc4 Nf6 6. Be2 Nc6 7. c3 h6 8.
Nbd2 O-O 9. Nf1 Nd5 10. Ng3 f5 11. Nh5 Be6 12. Nxd6 cxd6 13. c4 Ndb4 14. d5 Ne5
15. dxe6 Nbd3+ 16. Bxd3 Nxd3+ 17. Kf1 f4 18. g3 fxg3 19. hxg3 Nxf2 20. Qd5
Nxh1+ 21. Bf4 Nxg3+ 22. Nxg3 Rxf4+ 23. Kg2 Qg5 24. Qxg5 hxg5 25. Re1 Re8 {
Normal} 0-1

[Event "Rated Blitz game"]
[Site "?"]
[Date "2021.07.29"]
[Round "?"]
[White "Gabriel_Young"]
[Black "ahoramahora"]
[Result "1-0"]
[WhiteElo "2425"]
[BlackElo "2405"]
[PlyCount "63"]
[EventDate "2021.??.??"]
[EventType "blitz"]

1. e4 e5 2. Nf3 d5 3. Nxe5 Bd6 4. d4 dxe4 5. Bc4 Bxe5 6. dxe5 Qxd1+ 7. Kxd1 Nc6
8. Bf4 Nge7 9. Bg3 Bg4+ 10. Kc1 O-O 11. Re1 Rad8 12. Nc3 Ng6 13. Nxe4 Ncxe5 14.
Be2 Bxe2 15. Rxe2 Nc4 16. b3 Na3 17. Kb2 Nb5 18. c3 Rfe8 19. a4 Nd4 20. cxd4 f5
21. Nc3 f4 22. Rae1 Rxe2+ 23. Rxe2 fxg3 24. hxg3 Rxd4 25. Nb5 Rd7 26. Nxa7 c6
27. Nc8 Kf7 28. Nb6 Rd4 29. Nc4 Ne7 30. Kc3 Rd5 31. b4 Rf5 32. Nd6+ {Normal}
1-0

[Event "Rated Blitz game"]
[Site "?"]
[Date "2021.07.29"]
[Round "?"]
[White "szachmatcom"]
[Black "ahoramahora"]
[Result "1-0"]
[WhiteElo "2423"]
[BlackElo "2338"]
[PlyCount "35"]
[EventDate "2021.??.??"]
[EventType "blitz"]

1. e4 e5 2. Nf3 d5 3. exd5 e4 4. Nd4 Qxd5 5. Nb3 Qe5 6. g3 Nf6 7. Be2 Bc5 8.
O-O O-O 9. d4 exd3 10. Qxd3 Bh3 11. Bf4 Qxb2 12. Rd1 Bd6 13. Bxd6 cxd6 14. c3
Re8 15. Rd2 Rxe2 16. Rxe2 Bf5 17. Qe3 Bc2 18. Qe8+ {Normal} 1-0

[Event "Rated Blitz tournament RsWImxWL"]
[Site "?"]
[Date "2021.07.29"]
[Round "?"]
[White "Atahan_2006"]
[Black "dr_xStranger"]
[Result "0-1"]
[WhiteElo "2526"]
[BlackElo "2494"]
[PlyCount "58"]
[EventDate "2021.??.??"]
[EventType "blitz"]

1. e4 e5 2. Nf3 d5 3. exd5 e4 4. Qe2 Nf6 5. Nc3 Be7 6. Nxe4 O-O 7. d3 Re8 8.
Be3 Nxd5 9. c4 Nxe3 10. fxe3 f5 11. Nc3 Nc6 12. O-O-O Bg5 13. Nxg5 Qxg5 14. Nd5
Qd8 15. g3 Be6 16. Bg2 Ne5 17. h3 c6 18. Nf4 Bf7 19. Qf2 g5 20. d4 Nxc4 21. Nd3
Nxe3 22. Ne5 Nxd1 23. Rxd1 Be6 24. h4 Qf6 25. Qd2 h6 26. hxg5 Qxg5 27. Qxg5+
hxg5 28. Nf3 Bd5 29. Ne5 Bxg2 {Normal} 0-1

[Event "Rated Blitz game"]
[Site "?"]
[Date "2021.07.29"]
[Round "?"]
[White "ELGRANCACHA"]
[Black "rofaidah"]
[Result "0-1"]
[WhiteElo "2411"]
[BlackElo "2460"]
[PlyCount "72"]
[EventDate "2021.??.??"]
[EventType "blitz"]

1. e4 e5 2. Nf3 d5 3. Nxe5 Qe7 4. d4 f6 5. Ng4 dxe4 6. Ne3 Bd7 7. c4 Nc6 8. d5
Ne5 9. Nc3 f5 10. Be2 O-O-O 11. O-O f4 12. Nc2 f3 13. gxf3 exf3 14. Bxf3 Nxf3+
15. Qxf3 Nf6 16. Re1 Qf7 17. Nd4 Bg4 18. Qg2 Bb4 19. Bg5 Bd7 20. Ne6 Rde8 21.
Nf4 h6 22. Bxf6 gxf6 23. Kh1 Rhg8 24. Qf3 Bd6 25. Ne6 Bxe6 26. dxe6 Rxe6 27.
Rxe6 Qxe6 28. Rd1 Re8 29. Nd5 f5 30. Nf4 Qe4 31. Qxe4 Rxe4 32. Nd5 Rxc4 33. Re1
b6 34. b4 Rc2 35. b5 Rd2 36. Nf6 Rxf2 {Time forfeit} 0-1

[Event "Rated Blitz game"]
[Site "?"]
[Date "2021.07.29"]
[Round "?"]
[White "hectorluis2019"]
[Black "annaly1979"]
[Result "0-1"]
[WhiteElo "2491"]
[BlackElo "2437"]
[PlyCount "112"]
[EventDate "2021.??.??"]
[EventType "blitz"]

1. e4 e5 2. Nf3 d5 3. exd5 e4 4. Ne5 Bd6 5. Nc4 Nf6 6. Nc3 h6 7. d4 O-O 8. Be2
a6 9. Ne3 Bf5 10. g4 Bg6 11. h4 Nh7 12. h5 Ng5 13. hxg6 fxg6 14. Nc4 Nd7 15.
Bxg5 Qxg5 16. Nxe4 Qf4 17. Qd3 Rae8 18. Ncxd6 cxd6 19. f3 Nf6 20. Qd2 Nxe4 21.
Qxf4 Rxf4 22. fxe4 Rfxe4 23. Rh2 Rxd4 24. Kf2 Rf4+ 25. Kg3 g5 26. Bd3 Re3+ 27.
Kg2 Rxg4+ 28. Kh1 Rf4 29. Kg1 Rg3+ 30. Rg2 Re3 31. Rf1 Kf7 32. Rxf4+ gxf4 33.
Kf2 g5 34. Rh2 Kg7 35. Rh1 g4 36. Rh4 Rg3 37. Bf5 Rf3+ 38. Ke2 Re3+ 39. Kd2 Re5
40. Bxg4 Rxd5+ 41. Ke2 Rc5 42. c3 Kg6 43. Bf3 Kg5 44. Rg4+ Kf5 45. Rg7 Re5+ 46.
Kf2 b5 47. Rh7 Kg5 48. Rd7 Re6 49. Rg7+ Kf6 50. Rg4 Ke5 51. Rh4 Rg6 52. Rh5+
Kf6 53. Be4 Rg5 54. Rxh6+ Ke5 55. Bf3 a5 56. Rh5 Rf5 {Time forfeit} 0-1

[Event "Rated Blitz tournament rCD9OZ1a"]
[Site "?"]
[Date "2021.07.29"]
[Round "?"]
[White "lider34"]
[Black "Schachelite"]
[Result "0-1"]
[WhiteElo "2502"]
[BlackElo "2501"]
[PlyCount "24"]
[EventDate "2021.??.??"]
[EventType "blitz"]

1. e4 e5 2. Nf3 d5 3. exd5 e4 4. Qe2 Nf6 5. d3 Qxd5 6. Nc3 Bb4 7. Bd2 Bxc3 8.
Bxc3 O-O 9. Bxf6 exf3 10. gxf3 gxf6 11. Rg1+ Kh8 12. O-O-O Nc6 {Normal} 0-1

[Event "Rated Blitz game"]
[Site "?"]
[Date "2021.07.29"]
[Round "?"]
[White "ricsi1012"]
[Black "ahoramahora"]
[Result "1-0"]
[WhiteElo "2465"]
[BlackElo "2387"]
[PlyCount "101"]
[EventDate "2021.??.??"]
[EventType "blitz"]

1. e4 e5 2. Nf3 d5 3. Nxe5 Bd6 4. Nxf7 Kxf7 5. Qh5+ Kf8 6. Qxd5 Nf6 7. Qc4 Qe7
8. Nc3 Nc6 9. d3 Ne5 10. Qb5 c6 11. Qa4 Bd7 12. Be3 c5 13. Qb3 Bc6 14. h3 Ng6
15. g3 Re8 16. Bg2 Qf7 17. Qxf7+ Kxf7 18. f4 Rhf8 19. O-O Kg8 20. e5 Bxg2 21.
Kxg2 Nd7 22. Rae1 Bb8 23. Ne4 Ne7 24. Nxc5 Nxc5 25. Bxc5 b6 26. Ba3 Rf7 27. d4
b5 28. b3 a5 29. c4 bxc4 30. bxc4 Rc8 31. Rc1 Nc6 32. Rfd1 Ba7 33. c5 Nb4 34.
Bxb4 axb4 35. Rc4 Rd7 36. Rxb4 Rxc5 37. dxc5 Rxd1 38. Rc4 Rd2+ 39. Kf3 Bb8 40.
c6 Bc7 41. a4 g6 42. g4 Kf7 43. f5 Rd3+ 44. Kf4 Rxh3 45. Rd4 Ke8 46. Rd7 Ba5
47. Ra7 Bb6 48. Rb7 Ba5 49. c7 Kd7 50. e6+ Kc8 51. Ra7 {Time forfeit} 1-0

[Event "Rated Blitz game"]
[Site "?"]
[Date "2021.07.29"]
[Round "?"]
[White "Bierpower"]
[Black "ahoramahora"]
[Result "1-0"]
[WhiteElo "2457"]
[BlackElo "2377"]
[PlyCount "135"]
[EventDate "2021.??.??"]
[EventType "blitz"]

1. e4 e5 2. Nf3 d5 3. exd5 e4 4. Qe2 Nf6 5. d3 Qxd5 6. dxe4 Qxe4 7. Qxe4+ Nxe4
8. Be3 Bc5 9. Nd4 O-O 10. Bd3 Nd6 11. Nd2 Bxd4 12. Bxd4 Re8+ 13. Be3 Bf5 14.
O-O-O Bxd3 15. cxd3 Nc6 16. Nc4 Nf5 17. Rhe1 Rad8 18. h3 Nxe3 19. fxe3 Nb4 20.
d4 Nxa2+ 21. Kc2 Nb4+ 22. Kb3 Nd5 23. e4 Nb6 24. Na5 f5 25. e5 Nd5 26. Kc4 b6
27. Nc6 Ra8 28. Kxd5 Kf7 29. b4 g5 30. b5 a5 31. Kc4 h5 32. d5 f4 33. e6+ Kf6
34. Rf1 Kf5 35. Nd4+ Ke5 36. Nf3+ Kf5 37. h4 g4 38. Nd4+ Ke5 39. Rde1+ Kf6 40.
Rxf4+ Kg7 41. Ref1 Re7 42. Rf7+ Rxf7 43. Rxf7+ Kg6 44. Rxc7 Rf8 45. e7 Re8 46.
d6 Kf7 47. d7 Kxe7 48. dxe8=Q+ Kxe8 49. Rc6 g3 50. Rxb6 Kd8 51. Rh6 a4 52. Rxh5
Kd7 53. Rg5 Kd6 54. Rxg3 Ke5 55. Ra3 Kd6 56. Rxa4 Kc7 57. Rb4 Kb6 58. g4 Kb7
59. g5 Kc7 60. Nc2 Kb6 61. Rb3 Kb7 62. Rd3 Kc7 63. g6 Kb6 64. g7 Kc7 65. Rg3
Kc8 66. Rf3 Kc7 67. Rf6 Kd7 68. g8=Q {Normal} 1-0

[Event "Rated Blitz tournament rCD9OZ1a"]
[Site "?"]
[Date "2021.07.29"]
[Round "?"]
[White "Prosha2007"]
[Black "Schachelite"]
[Result "1-0"]
[WhiteElo "2362"]
[BlackElo "2510"]
[PlyCount "43"]
[EventDate "2021.??.??"]
[EventType "blitz"]

1. e4 e5 2. Nf3 d5 3. exd5 e4 4. Qe2 Nf6 5. Nc3 Be7 6. Nxe4 O-O 7. d3 Re8 8.
Bd2 Nxd5 9. O-O-O f5 10. Ne5 fxe4 11. dxe4 Bg5 12. exd5 Bxd2+ 13. Rxd2 Nd7 14.
f4 Qf6 15. Nxd7 Bxd7 16. Qf2 Re4 17. g3 Rae8 18. Bd3 Re3 19. Re2 Qd4 20. Rxe3
Rxe3 21. Qd2 Bg4 22. Bxh7+ {Normal} 1-0

[Event "Rated Blitz game"]
[Site "?"]
[Date "2021.07.29"]
[Round "?"]
[White "vasiljev_alex2020"]
[Black "ahoramahora"]
[Result "1-0"]
[WhiteElo "2446"]
[BlackElo "2414"]
[PlyCount "87"]
[EventDate "2021.??.??"]
[EventType "blitz"]

1. e4 e5 2. Nf3 d5 3. Nxe5 Bd6 4. d4 dxe4 5. Nc4 Nf6 6. Bg5 O-O 7. Be2 Nc6 8.
c3 Be7 9. O-O h6 10. Bh4 Bf5 11. Nbd2 a6 12. a4 Qd7 13. Ne5 Nxe5 14. dxe5 Nd5
15. Bxe7 Qxe7 16. Nc4 Rad8 17. Qb3 b6 18. Rfe1 Nf4 19. Bf1 Qg5 20. g3 Bh3 21.
Rxe4 Bxf1 22. Rxf4 Bxc4 23. Qxc4 Qxe5 24. Re4 Qd6 25. Rae1 Rd7 26. Rd4 Qxd4 27.
cxd4 Rfd8 28. Re4 a5 29. Qc6 Rxd4 30. Rxd4 Rxd4 31. Qxc7 Rb4 32. Qc8+ Kh7 33.
Qc2+ Kg8 34. h4 h5 35. Kf1 g6 36. Ke2 Kg7 37. Kd3 Kg8 38. b3 Kg7 39. Kc3 Kg8
40. Qd3 Kh7 41. Qd5 Kg8 42. Qe5 Rg4 43. Qb8+ Kh7 44. Qxb6 {Normal} 1-0

[Event "Rated Blitz game"]
[Site "?"]
[Date "2021.07.29"]
[Round "?"]
[White "Valera200707"]
[Black "Artem_0degov"]
[Result "0-1"]
[WhiteElo "2417"]
[BlackElo "2671"]
[PlyCount "36"]
[EventDate "2021.??.??"]
[EventType "blitz"]

1. e4 e5 2. Nf3 d5 3. d4 dxe4 4. Nxe5 Bd6 5. Nc4 Nf6 6. Bg5 O-O 7. Be2 Nc6 8.
O-O Nxd4 9. Nc3 Re8 10. Re1 Bf5 11. g3 h6 12. Bxh6 Nxe2+ 13. Qxe2 gxh6 14. Rad1
Qe7 15. Qe3 Kh7 16. Qe2 Bg4 17. f3 Bxf3 18. Qxf3 exf3 {Normal} 0-1

[Event "Rated Blitz game"]
[Site "?"]
[Date "2021.07.29"]
[Round "?"]
[White "Swordoftheword16"]
[Black "Fantastic_power06"]
[Result "0-1"]
[WhiteElo "2596"]
[BlackElo "2737"]
[PlyCount "98"]
[EventDate "2021.??.??"]
[EventType "blitz"]

1. e4 e5 2. Nf3 d5 3. exd5 e4 4. Nd4 Qxd5 5. Nb3 Nf6 6. Nc3 Qe5 7. Be2 Nc6 8.
d4 exd3 9. Qxd3 Bf5 10. Qe3 Bxc2 11. O-O Qxe3 12. Bxe3 O-O-O 13. Rac1 Bd3 14.
Rfd1 Bxe2 15. Rxd8+ Nxd8 16. Nxe2 Ne6 17. Ng3 b6 18. a4 Bd6 19. Nf5 Be5 20. a5
Kb7 21. g3 Re8 22. Rc2 g6 23. Nfd4 Nxd4 24. Nxd4 Nd5 25. Nb5 a6 26. Nd4 Nxe3
27. fxe3 Bxd4 28. exd4 Re4 29. axb6 cxb6 30. Rd2 Kc6 31. d5+ Kd6 32. Rc2 Kxd5
33. Rc7 Rb4 34. Rxf7 Rxb2 35. Rxh7 a5 36. Rg7 a4 37. Rxg6 a3 38. Rg5+ Kc6 39.
Rg6+ Kb7 40. Rg7+ Ka6 41. Rg8 a2 42. Ra8+ Kb7 43. Ra3 Kc6 44. h4 Rb1+ 45. Kg2
a1=Q 46. Rxa1 Rxa1 47. h5 Kd5 48. Kh3 Ke6 49. Kg4 Kf6 {Normal} 0-1

[Event "Rated Blitz game"]
[Site "?"]
[Date "2021.07.29"]
[Round "?"]
[White "SergerBeurier"]
[Black "KamranShirazi"]
[Result "1-0"]
[WhiteElo "2587"]
[BlackElo "2547"]
[PlyCount "87"]
[EventDate "2021.??.??"]
[EventType "blitz"]

1. e4 e5 2. Nf3 d5 3. d3 dxe4 4. dxe4 Qxd1+ 5. Kxd1 Nc6 6. c3 Bg4 7. Kc2 O-O-O
8. Bc4 f6 9. Be3 a6 10. a4 Bh5 11. Nbd2 Re8 12. h3 Nd8 13. g4 Bg6 14. Nh4 Bf7
15. b4 g6 16. a5 Bxc4 17. Nxc4 Ne6 18. f3 Bh6 19. Ng2 Bxe3 20. Ngxe3 Ne7 21. h4
Rhf8 22. h5 Ng5 23. hxg6 hxg6 24. Nd2 Nc6 25. Rh6 Ne7 26. Rg1 c6 27. Nec4 Kc7
28. Rf1 Kb8 29. f4 exf4 30. Rxf4 Ne6 31. Rf2 Rf7 32. e5 Rff8 33. exf6 Ng8 34.
Rxg6 Nd8 35. g5 Nf7 36. Rg7 Nxg5 37. Rxg5 Nxf6 38. Rgf5 Nd7 39. Rxf8 Nxf8 40.
Nd6 Rd8 41. N2c4 Ne6 42. Rf7 Ng5 43. Rxb7+ Ka8 44. Nb6# {Normal} 1-0

[Event "Rated Blitz tournament nNALzdwe"]
[Site "?"]
[Date "2021.07.29"]
[Round "?"]
[White "josefonsecadelpozoca"]
[Black "CaroyinixDiscomix"]
[Result "1-0"]
[WhiteElo "2545"]
[BlackElo "2400"]
[PlyCount "57"]
[EventDate "2021.??.??"]
[EventType "blitz"]

1. e4 e5 2. Nf3 d5 3. Nc3 dxe4 4. Nxe4 Nf6 5. Nxf6+ Qxf6 6. d4 e4 7. Ne5 Bd6 8.
Nc4 Nc6 9. c3 O-O 10. Be2 Qg6 11. g3 f5 12. Nxd6 cxd6 13. Bf4 Bd7 14. Qb3+ Kh8
15. Qxb7 Qf7 16. Bxd6 Rfe8 17. O-O Rac8 18. b3 e3 19. Bc4 Qg6 20. Qxd7 Red8 21.
Qf7 Qxd6 22. fxe3 Rf8 23. Qe6 Qc7 24. Rxf5 Rfe8 25. Qf7 Qd6 26. Raf1 h6 27. Qd5
Qe7 28. R1f3 Qc7 29. Rf7 {Normal} 1-0

[Event "Rated Blitz game"]
[Site "?"]
[Date "2021.07.29"]
[Round "?"]
[White "CoachFede"]
[Black "blastol"]
[Result "0-1"]
[WhiteElo "2525"]
[BlackElo "2425"]
[PlyCount "84"]
[EventDate "2021.??.??"]
[EventType "blitz"]

1. e4 e5 2. Nf3 d5 3. exd5 Bd6 4. d3 f5 5. c4 Nf6 6. Nc3 O-O 7. Be2 Qe8 8. Nb5
e4 9. Nxd6 cxd6 10. Nd4 a6 11. Bf4 exd3 12. Qxd3 Ne4 13. f3 g5 14. Bc1 Nc5 15.
Qc3 f4 16. Bd2 Bf5 17. O-O Qg6 18. Rae1 Nbd7 19. b4 Nd3 20. Bxd3 Bxd3 21. Re6
Rf6 22. Rfe1 Ne5 23. Rxf6 Qxf6 24. Ne6 Bf5 25. c5 Rc8 26. Qa1 Bxe6 27. dxe6
Qxe6 28. cxd6 Re8 29. Bc3 Qxd6 30. Rxe5 Rc8 31. Rxg5+ Kf8 32. Bg7+ Kf7 33. Bb2
Qb6+ 34. Kh1 Qe3 35. Qb1 Ke8 36. Re5+ Kd7 37. Rxe3 fxe3 38. Qd3+ Kc6 39. Qxe3
Rd8 40. Qe4+ Kc7 41. h4 Rd1+ 42. Kh2 Rd6 {Time forfeit} 0-1